Nestrácejte čas analýzami.
Najvyššou potrebou riadenia v postkomunistických krajinách je zmena postoja k riadeniu, k podniku, k trhu. Nový postup musí nastúpiť rýchlo, v skrátených lehotách, s časovým obmedzením. Nemožno strácať čas s nekonečnými východiskovými analýzami minulých skúseností. Je potrebné získavať informácie a...
Gespeichert in:
| 1. Verfasser: | |
|---|---|
| Format: | Buchkapitel |
| Sprache: | Tschechisch |
| Schlagworte: | |
| Tags: |
Keine Tags, Fügen Sie das erste Tag hinzu!
|
MARC
| LEADER | 00000naa a2200000 4500 | ||
|---|---|---|---|
| 001 | r011804 | ||
| 005 | 20220826093732.7 | ||
| 041 | 0 | |a cze | |
| 044 | |a [CS] | ||
| 245 | 1 | 0 | |a Nestrácejte čas analýzami. |c J. Jirásek |
| 520 | |a Najvyššou potrebou riadenia v postkomunistických krajinách je zmena postoja k riadeniu, k podniku, k trhu. Nový postup musí nastúpiť rýchlo, v skrátených lehotách, s časovým obmedzením. Nemožno strácať čas s nekonečnými východiskovými analýzami minulých skúseností. Je potrebné získavať informácie a sledovať vývoj iných pokročilých podnikov. | ||
| 610 | 2 | 0 | |a riadenie podnikové |
| 610 | 2 | 0 | |a manažment |
| 610 | 2 | 0 | |a trh |
| 610 | 2 | 0 | |a informácie |
| 100 | 1 | |a Jirásek, J. | |